Concreto autorreparable elaborado a partir de la incorporación de polímeros como agentes restauradores

Sparad:
Bibliografiska uppgifter
Huvudupphovsman: Esquivel Mora, Bryan Vinicio, 1994-
Övriga upphovsmän: Muñoz Umaña, Flor de María, 1958- Directora del TFG
Materialtyp: Okänd
Språk:Spanish
Publicerad: [San José ], Costa Rica 2020
Ämnen:
Taggar: Lägg till en tagg
Inga taggar, Lägg till första taggen!

MARC

LEADER 00000 a2200000 4500
003 013197
005 20230310152315.0
008 140114s2020 cr a 000 ||spa d
040 |c cru CEDI 
100 |a Esquivel Mora, Bryan Vinicio, 1994-  |9 192 
245 |a Concreto autorreparable elaborado a partir de la incorporación de polímeros como agentes restauradores 
260 |a [San José ], Costa Rica  |c 2020 
500 |a Proyecto de graduación (licenciatura en ingeniería civil)--Universidad de Costa Rica. Facultad de Ingeniería. Escuela de Ingeniería Civil. 
501 |a Directora de Proyecto de Graduación: Ing. Flor de María Muñoz Umaña, M.Ing.  
650 |x CRISTALIZACION   |x MICROENCAPSULADO  |x POLIMEROS  |x IMPERMEABILIZACION   |x SILICATO DE SODIO   |x MATERIALES DE AUTOCURACION   |x HORMIGON - ADITIVOS  
700 |9 144  |a Muñoz Umaña, Flor de María, 1958-  |d Directora del TFG 
942 |c CEDI  |h TFG 8347  |6 TFG_8347_000000000000000 
999 |c 12489  |d 12489